000 00605nam a2200181Ia 4500
003 GCL
008 140319s9999 xx 000 0 ara d
040 _aGCL /
_cGCL
082 0 4 _a415.1
_bم ا
100 1 _aمحمود عبدالسلام شرف الدين
245 1 0 _aالاعراب والتركيب بين الشكل والسنة: دراسة تفسيرية /
_cمحمود عبدالسلام شرف الدين
260 _a[S.N] :
_bدار مرجان للطباعة ،
_c1984
300 _a526 ص
490 _a
650 0 4 _aالنحو
650 0 4 _aاللغة العربية
942 _2ddc
_cBK
999 _c32418
_d32418